[Event "Irish Championship 1999"]
[Site "Drogheda IRL"]
[Date "1999.04.05"]
[Round "3"]
[White "Cafolla, Peter"]
[Black "McCarthy, Jim"]
[Result "1-0"]
[WhiteElo "2098"]
[BlackElo "2135"]
[WhiteICU "2039"]
[BlackICU "1885"]
[WhiteClub "Rathmines"]
[BlackClub "St. Benildus"]
[WhiteNationality "IRL"]
[BlackNationality "IRL"]
[WhiteFideId "2500884"]
[BlackFideId "2500930"]
[PlyCount "75"]
[EventDate "1999.04.03"]

{ Reference: <a
href="https://www.irlchess.com/irlch1999_allfiles/pairings_irlch1999.html">Tournament
report</a>. } { Annotator: Anon., <em>Irish Chess Journal</em>, vol. 11,
no. 4, September-October 1999, p. 15. }

1. d4 Nf6 2. c4 g6 3. Nc3 d5 4. Bg5 Ne4 5. Bh4 c5 6. cxd5 Nxc3 7. bxc3 Qxd5
8. e3 Bg7 9. Qf3 Qd8 10. Bc4 O-O 11. Ne2 cxd4 12. exd4 Nd7 13. O-O Nf6 14.
h3 Qc7 15. Bb3 Bd7 16. Rac1 b5 17. c4 bxc4 18. Bxc4 Qa5 19. Bg3 Rac8 20.
Be5 Bc6 { Was this a good or a bad move? White continued } 21. Bxf7+ Kxf7
22. Rxc6 Rxc6 23. Qxc6 Qxa2 { Black has restored material equality and
gained a passed a-pawn into the bargain, but his king posiiton has been
weakened. } { &#91;RR $16&#93; } 24. Nf4 Rd8 ({ &#91;RR ? Better } 24...
Bh6 $16 { .&#93; }) 25. Rd1 ({ &#91;RR ? White misses } 25. d5 $1 $18 { ,
e.g. } 25... Nxd5 $2 26. Ne6 $1 Bxe5 (26... Rg8 27. Ng5+ Kf8 28. Qc8# { is
the point }) 27. Nxd8+ Kg7 (27... Kf8 28. Qe6 Ke8 29. Qxe5 Kxd8 30. Rd1)
28. Qe6 Bf6 29. Qf7+ Kh6 30. Qf8+ { with a winning attack.&#93; }) 25... g5
{ This second weakening is too much for the black position to bear. } 26.
Nd3 Qe2 27. Qc4+ Kf8 28. Ra1 a5 29. Qc7 Ra8 30. Nc5 Kf7 31. Qc6 Qb2 32. Rf1
$1 { Once the rook joins the attack it's all over. } 32... Re8 33. f4 gxf4
34. Rxf4 Qc1+ 35. Kh2 Qc4 36. d5 Qa2 37. Qe6+ Kg6 38. Rg4+ 1-0

[Event "Irish Championship 1999"]
[Site "Drogheda IRL"]
[Date "1999.04.05"]
[Round "3"]
[White "Clarke, Tom"]
[Black "O'Connell, Gerard"]
[Result "1-0"]
[WhiteElo "2170"]
[BlackElo "2201"]
[WhiteICU "2110"]
[BlackICU "2155"]
[WhiteClub "North Belfast"]
[BlackClub "St. Benildus"]
[WhiteNationality "IRL"]
[BlackNationality "IRL"]
[WhiteFideId "2500302"]
[BlackFideId "2500493"]
[PlyCount "75"]
[EventDate "1999.04.03"]

{ Reference: <a
href="https://www.irlchess.com/irlch1999_allfiles/pairings_irlch1999.html">Tournament
report</a>. }

1. d4 Nf6 2. Bg5 g6 3. Nc3 Bg7 4. e4 h6 5. Bh4 d6 6. e5 dxe5 7. dxe5 Qxd1+
8. Rxd1 Ng4 9. h3 Bxe5 10. hxg4 Bxc3+ 11. bxc3 Bxg4 12. Be2 Be6 13. Nf3 Nc6
14. Bg3 Rc8 15. a3 Kf8 16. Nd4 Bd5 17. f3 a6 18. Nb3 Bxb3 19. cxb3 Kg7 20.
Rd7 e5 21. Bc4 Rhf8 22. Bd5 Kf6 23. Bxc6 bxc6 24. Rxh6 Ke6 25. Rd2 Rb8 26.
b4 c5 27. Re2 f6 28. Rxg6 cxb4 29. axb4 a5 30. bxa5 Rb1+ 31. Kf2 Ra1 32.
Rg7 Rf7 33. Rxf7 Kxf7 34. Bxe5 Rxa5 35. Bxc7 Rc5 36. Bd8 Rxc3 37. Re7+ Kf8
38. Rc7 1-0

[Event "Irish Championship 1999"]
[Site "Drogheda IRL"]
[Date "1999.04.05"]
[Round "3"]
[White "Daly, Colm"]
[Black "O'Connor, Jonathan"]
[Result "0-1"]
[WhiteTitle "FM"]
[WhiteElo "2376"]
[BlackElo "2120"]
[WhiteICU "2344"]
[BlackICU "2162"]
[WhiteClub "Swords"]
[BlackClub "Dublin"]
[WhiteNationality "IRL"]
[BlackNationality "IRL"]
[WhiteFideId "2500434"]
[BlackFideId "2501112"]
[PlyCount "162"]
[EventDate "1999.04.03"]

{ Reference: <a
href="https://www.irlchess.com/irlch1999_allfiles/pairings_irlch1999.html">Tournament
report</a>. } { Annotator: Anon., <em>Irish Chess Journal</em>, vol. 11,
no. 4, September-October 1999, p. 15 (light notes, not shown here). }

1. c4 e5 2. Nc3 Nf6 3. Nf3 Nc6 4. d3 Bb4 5. Bd2 O-O 6. a3 Bxc3 7. Bxc3 Re8
8. e4 d6 9. Be2 a6 10. h3 Nd7 11. b4 Nf8 12. O-O Ng6 13. Re1 Nf4 14. Bf1
Qf6 15. Kh2 g5 16. g3 g4 17. Ng1 Nh5 18. Ra2 Qg6 19. Be2 Nf6 20. hxg4 Bxg4
21. Kg2 Be6 22. Nf3 Nh5 23. Rh1 Nf4+ 24. Kf1 Nxe2 25. Qxe2 Bg4 26. Qe3 Bxf3
27. Qxf3 Re6 28. Rh4 Rf6 29. Qe3 Qg7 30. f4 Rg6 31. Be1 f6 32. f5 Rg5 33.
Rah2 Rf8 34. R2h3 Nd4 35. Bc3 c5 36. Bxd4 exd4 37. Qf2 Qe7 38. Qf4 Rg7 39.
Rg4 Rxg4 40. Qxg4+ Kh8 41. bxc5 dxc5 42. a4 b5 43. axb5 axb5 44. cxb5 Rb8
45. Qg6 Rxb5 46. Rxh7+ Qxh7 47. Qe8+ Kg7 48. Qxb5 Qh3+ 49. Ke2 Qxg3 50. Kd1
Qf2 51. Qc4 Qg2 52. Kc1 Qe2 53. Kb1 Qd2 54. Ka1 Qe2 55. Qxc5 Qd1+ $6 (55...
Qxd3 $10) 56. Kb2 Qd2+ 57. Qc2 Qb4+ 58. Ka2 Qa5+ 59. Kb2 Qb4+ 60. Qb3 Qd2+
61. Kb1 Qe1+ 62. Ka2 Qd2+ 63. Qb2 $6 { "Playing for the loss." } (63. Ka3
$16) 63... Qxd3 $19 64. Qb7+ $2 (64. Qg2+ $1 $10 { with accurate play, but
this should not have been necessary. }) 64... Kh6 65. Qe7 Qc2+ 66. Ka1 Qc3+
67. Ka2 d3 68. Qd6 d2 69. Qf4+ Kg7 70. Qg4+ Kf8 71. Qd1 Qc1 72. Qh5 Qc2+
73. Ka3 Qd3+ 74. Ka2 d1=Q 75. Qh8+ Kf7 76. Qh7+ Ke8 77. Qg8+ Kd7 78. Qe6+
Kc7 79. Qe7+ Qd7 80. Qc5+ Qc6 81. Qe7+ Qdd7 0-1

[Event "Irish Championship 1999"]
[Site "Drogheda IRL"]
[Date "1999.04.05"]
[Round "3"]
[White "Fox, Anthony"]
[Black "O'Cinneide, Mel"]
[Result "0-1"]
[WhiteElo "2122"]
[BlackElo "2281"]
[WhiteICU "2065"]
[BlackICU "2247"]
[WhiteClub "Dun Laoghaire"]
[BlackClub "Crumlin"]
[WhiteNationality "IRL"]
[BlackNationality "IRL"]
[WhiteFideId "2500736"]
[BlackFideId "2500620"]
[PlyCount "102"]
[EventDate "1999.04.03"]
[BlackFullName "&Oacute; Cinn&eacute;ide, Mel"]

{ Reference: <a
href="https://www.irlchess.com/irlch1999_allfiles/pairings_irlch1999.html">Tournament
report</a>. }

1. e4 c5 2. Nf3 e6 3. d3 Nc6 4. g3 d5 5. Nbd2 g6 6. Bg2 Nge7 7. O-O Bg7 8.
Re1 O-O 9. e5 Qc7 10. Qe2 g5 11. Nxg5 Qxe5 12. Qxe5 Nxe5 13. Ngf3 N5c6 14.
Nb3 b6 15. c3 e5 16. Bd2 Ba6 17. Bf1 Rad8 18. Rad1 Bc8 19. Nh4 Be6 20. Bg5
f6 21. Bc1 Rd7 22. Bg2 Rfd8 23. h3 Kf7 24. Kh2 Ng6 25. Nf3 Bf8 26. Ng1 Rd6
27. Bf3 d4 28. Bxc6 Rxc6 29. c4 Bf5 30. g4 Bc8 31. Nf3 Re6 32. Nbd2 Bh6 33.
g5 Bxg5 34. Nxg5+ fxg5 35. Ne4 h6 36. Bxg5 hxg5 37. Nxg5+ Kf6 38. Nxe6 Bxe6
39. Rg1 Rh8 40. Rg3 Nf4 41. Rd2 Bxh3 42. Kg1 Bf5 43. a3 Bc8 44. b4 Bb7 45.
f3 Bc8 46. bxc5 bxc5 47. Rh2 Rxh2 48. Kxh2 Be6 49. Rg1 Nxd3 50. Rb1 Bxc4
51. Rb7 Nf4 0-1

[Event "Irish Championship 1999"]
[Site "Drogheda IRL"]
[Date "1999.04.05"]
[Round "3"]
[White "Kennedy, John P. A."]
[Black "O'Rourke, Ray"]
[Result "0-1"]
[WhiteElo "2120"]
[BlackElo "2052"]
[WhiteICU "1721"]
[BlackICU "2001"]
[WhiteClub "Rathmines"]
[BlackClub "Elm Mount"]
[WhiteNationality "IRL"]
[BlackNationality "IRL"]
[WhiteFideId "2501120"]
[BlackFideId "2501023"]
[PlyCount "106"]
[EventDate "1999.04.03"]

{ Reference: <a
href="https://www.irlchess.com/irlch1999_allfiles/pairings_irlch1999.html">Tournament
report</a>. }

1. c4 Nf6 2. Nc3 g6 3. g3 Bg7 4. Bg2 O-O 5. e4 d6 6. d3 e5 7. Nge2 Nc6 8.
h3 Be6 9. O-O Qd7 10. Kh2 Nh5 11. g4 Nf6 12. Be3 Bxg4 13. hxg4 Nxg4+ 14.
Kg1 Qe7 15. Ng3 Qh4 16. Re1 f5 17. exf5 gxf5 18. Nh1 f4 19. Bd2 Nd4 20. f3
Qh2+ 21. Kf1 h5 22. Nb5 Ne3+ 23. Bxe3 fxe3 24. Nxd4 exd4 25. Nf2 exf2 26.
Kxf2 Qh4+ 27. Kf1 Bh6 28. Re4 Qh2 29. Qe2 Be3 30. Ke1 Rae8 31. Kd1 Rxe4 32.
dxe4 h4 33. Bf1 Qg3 34. Bg2 h3 35. Bh1 Qg1+ 36. Qe1 Qh2 37. Rb1 Rf7 38. Qe2
Qxh1+ 39. Kc2 Qg2 40. Kd3 Qxe2+ 41. Kxe2 h2 42. Rh1 Bg1 43. c5 Rg7 44. cxd6
cxd6 45. b4 Rg2+ 46. Kd3 Rxa2 47. f4 Ra3+ 48. Kc4 d3 49. e5 dxe5 50. fxe5
d2 51. e6 Re3 52. e7 d1=Q 53. e8=Q+ Rxe8 0-1

[Event "Irish Championship 1999"]
[Site "Drogheda IRL"]
[Date "1999.04.05"]
[Round "3"]
[White "O'Donovan, Richard"]
[Black "Nicholson, John"]
[Result "1-0"]
[WhiteElo "2176"]
[BlackElo "2035"]
[WhiteICU "2086"]
[BlackICU "1935"]
[WhiteClub "Public Service"]
[BlackClub "Newtownards"]
[WhiteNationality "IRL"]
[BlackNationality "IRL"]
[WhiteFideId "2500868"]
[BlackFideId "2501724"]
[PlyCount "37"]
[EventDate "1999.04.03"]

{ Reference: <a
href="https://www.irlchess.com/irlch1999_allfiles/pairings_irlch1999.html">Tournament
report</a>. }

1. e4 b6 2. d3 Bb7 3. c4 e6 4. Nc3 Ne7 5. Be2 d5 6. exd5 exd5 7. Bf3 c6 8.
Bf4 d4 9. Nb5 cxb5 10. Bxb7 Ng6 11. Qe2+ Be7 12. Bg5 f6 13. Bd2 Nd7 14.
Bxa8 Qxa8 15. cxb5 Nc5 16. Nf3 Kf7 17. O-O Qd5 18. Rfc1 Bd6 19. b4 1-0

[Event "Irish Championship 1999"]
[Site "Drogheda IRL"]
[Date "1999.04.06"]
[Round "4"]
[White "Clarke, Tom"]
[Black "Ryan, Joe"]
[Result "0-1"]
[WhiteElo "2170"]
[BlackElo "2277"]
[WhiteICU "2110"]
[BlackICU "2258"]
[WhiteClub "North Belfast"]
[BlackClub "Bray/Greystones"]
[WhiteNationality "IRL"]
[BlackNationality "IRL"]
[WhiteFideId "2500302"]
[BlackFideId "2500426"]
[PlyCount "118"]
[EventDate "1999.04.03"]

{ Reference: <a
href="https://www.irlchess.com/irlch1999_allfiles/pairings_irlch1999.html">Tournament
report</a>. }

1. d4 Nf6 2. Bg5 e6 3. e4 h6 4. Bxf6 Qxf6 5. Nc3 Bb4 6. Qd3 c5 7. e5 Qe7 8.
O-O-O Bxc3 9. Qxc3 b6 10. Nf3 Bb7 11. dxc5 Qxc5 12. Qxc5 bxc5 13. Nd2 Ke7
14. Nb3 Rc8 15. Na5 Rc7 16. Nxb7 Rxb7 17. g3 Nc6 18. Bg2 Rb6 19. Rd6 Rc8
20. f4 Nd4 21. c3 Nb5 22. Rxb6 axb6 23. a4 Na7 24. Rd1 Rc7 25. Kc2 Nc8 26.
Ra1 d5 27. exd6+ Nxd6 28. Bf3 c4 29. a5 bxa5 30. Rxa5 f6 31. Ra6 Kd7 32. b4
cxb3+ 33. Kxb3 g5 34. fxg5 hxg5 35. h4 gxh4 36. gxh4 Nb5 37. Bg4 f5 38. c4
Nd6 39. Be2 Ne4 40. Ra5 Kd6 41. Bd3 Nc5+ 42. Kc3 Rh7 43. Bxf5 exf5 44. Kb4
Nd3+ 45. Kc3 Ne5 46. c5+ Ke6 47. Ra4 Kd5 48. Kd2 Nf3+ 49. Ke3 Nxh4 50. Kf4
Rg7 51. Ke3 Re7+ 52. Kf2 Re4 53. Ra5 Rc4 54. Kg3 Rxc5 55. Rxc5+ Kxc5 56.
Kxh4 Kd4 57. Kg3 Ke3 58. Kg2 f4 59. Kf1 Kf3 0-1

[Event "Irish Championship 1999"]
[Site "Drogheda IRL"]
[Date "1999.04.06"]
[Round "4"]
[White "Fox, Anthony"]
[Black "O'Donovan, Richard"]
[Result "0-1"]
[WhiteElo "2122"]
[BlackElo "2176"]
[WhiteICU "2065"]
[BlackICU "2086"]
[WhiteClub "Dun Laoghaire"]
[BlackClub "Public Service"]
[WhiteNationality "IRL"]
[BlackNationality "IRL"]
[WhiteFideId "2500736"]
[BlackFideId "2500868"]
[PlyCount "120"]
[EventDate "1999.04.03"]

{ Reference: <a
href="https://www.irlchess.com/irlch1999_allfiles/pairings_irlch1999.html">Tournament
report</a>. } { Annotator: Anon., <em>Irish Chess Journal</em>, vol. 11,
no. 4, September-October 1999, pp. 15-16. }

1. e4 c5 2. Nf3 Nc6 3. d3 g6 4. g3 Bg7 5. Bg2 d6 6. O-O e5 7. c3 Nge7 8.
Be3 O-O 9. Na3 Rb8 10. d4 exd4 11. cxd4 b6 12. Qd2 Bg4 13. Nc2 Qd7 14. Rab1
Rbc8 15. b3 Rfd8 16. Nh4 cxd4 17. Nxd4 d5 18. Nxc6 Rxc6 19. exd5 Nxd5 20.
Qxd5 Qxd5 21. Bxd5 Rxd5 22. Rbc1 Rxc1 23. Rxc1 Rd1+ 24. Kg2 Rxc1 25. Bxc1
Bd1 26. Nf3 Bc3 27. Nd2 f5 28. Nc4 b5 29. Ne3 Be2 30. Nd5 Bg7 31. a3 Bd1
32. Nc7 Bxb3 33. Nxb5 a6 34. Nc7 Bc4 35. f3 Kf7 36. Be3 Bf8 37. a4 Bb4 38.
Na8 Ba5 39. Nb6 Bb3 40. Nd7 Bxa4 41. Ne5+ Ke6 42. Nd3 Bb5 43. Nf4+ Ke5 44.
h4 Bb4 45. h5 g5 46. Nh3 g4 47. fxg4 fxg4 48. Ng5 Bd3 49. Nf7+ Kf6 50. Nd8
Be4+ 51. Kf2 Ba5 52. Bd4+ Ke7 53. Ke3 Bf3 54. Kf4 Bxd8 55. Kg5 Ke6+ 56. Kh6
Be4 57. Bf6 Bc7 58. Bh4 Bf5 59. Kg7 a5 60. Kh6 a4 0-1

[Event "Irish Championship 1999"]
[Site "Drogheda IRL"]
[Date "1999.04.06"]
[Round "4"]
[White "Nicholson, John"]
[Black "Kennedy, John P. A."]
[Result "1-0"]
[WhiteElo "2035"]
[BlackElo "2120"]
[WhiteICU "1935"]
[BlackICU "1721"]
[WhiteClub "Newtownards"]
[BlackClub "Rathmines"]
[WhiteNationality "IRL"]
[BlackNationality "IRL"]
[WhiteFideId "2501724"]
[BlackFideId "2501120"]
[PlyCount "79"]
[EventDate "1999.04.03"]

{ Reference: <a
href="https://www.irlchess.com/irlch1999_allfiles/pairings_irlch1999.html">Tournament
report</a>. }

1. e4 c5 2. Nf3 Nc6 3. Bb5 e6 4. O-O Nge7 5. Re1 a6 6. Bxc6 Nxc6 7. c3 d5
8. d4 c4 9. exd5 Qxd5 10. b3 Be7 11. Nbd2 cxb3 12. axb3 O-O 13. Nc4 Qd8 14.
Bf4 b5 15. Nce5 Nxe5 16. Nxe5 Bb7 17. Re3 Bg5 18. Bxg5 Qxg5 19. Rg3 Qe7 20.
f4 Rad8 21. Qg4 f6 22. Nd3 Rd6 23. Nc5 Bc8 24. Re1 Qf7 25. Qe2 Rfd8 26. Re3
Re8 27. f5 e5 28. dxe5 Rd5 29. exf6 Rxe3 30. Qxe3 Bxf5 31. fxg7 Kxg7 32.
Nxa6 Rd6 33. Nc5 Qg6 34. Qe5+ Kh6 35. Rf1 Rd2 36. g3 Bh3 37. Qe3+ Qg5 38.
Qxg5+ Kxg5 39. Ne4+ Kg4 40. Rf4+ 1-0

[Event "Irish Championship 1999"]
[Site "Drogheda IRL"]
[Date "1999.04.06"]
[Round "4"]
[White "O'Cinneide, Mel"]
[Black "Daly, Colm"]
[Result "0-1"]
[BlackTitle "FM"]
[WhiteElo "2281"]
[BlackElo "2376"]
[WhiteICU "2247"]
[BlackICU "2344"]
[WhiteClub "Crumlin"]
[BlackClub "Swords"]
[WhiteNationality "IRL"]
[BlackNationality "IRL"]
[WhiteFideId "2500620"]
[BlackFideId "2500434"]
[PlyCount "103"]
[EventDate "1999.04.03"]
[WhiteFullName "&Oacute; Cinn&eacute;ide, Mel"]

{ Reference: <a
href="https://www.irlchess.com/irlch1999_allfiles/pairings_irlch1999.html">Tournament
report</a>. } { Annotator: Anon., <em>Irish Chess Journal</em>, vol. 11,
no. 4, September-October 1999, p. 16 (excerpted here). }

1. c4 e6 2. Nf3 Nf6 3. g3 a6 4. d4 b5 5. Nbd2 Bb7 6. Bg2 c5 7. O-O Qb6 8.
dxc5 Bxc5 9. cxb5 axb5 10. Nb3 d6 11. Bf4 Nbd7 12. a3 O-O 13. Rc1 Rfc8 14.
Nxc5 dxc5 15. Qc2 Be4 16. Qd2 Qb7 17. Rfd1 Nb6 18. Ne1 Nc4 19. Qc3 Bxg2 20.
Nxg2 Nd5 21. Qb3 Na5 22. Qf3 c4 23. Qg4 Nb3 24. Rc2 Nf6 25. Qh4 Rd8 26. Ne3
Rxd1+ 27. Nxd1 Qe4 28. Ne3 h6 29. f3 Qd4 30. Kg2 Qc5 31. Ng4 Nxg4 32. Qxg4
Kh7 33. Bd2 f5 34. Qf4 g5 35. Qe3 Qxe3 36. Bxe3 e5 $15 { &ldquo;Black's
space advantage and control of the d-file gave him a decisive
advantage,&rdquo; ICJ, but this does not seem accurate. } 37. Bd2 Kg6 38.
h3 Kf6 39. e4 f4 40. g4 Ke6 41. Bb4 Kd7 42. h4 Ke6 43. hxg5 hxg5 44. Rf2
Rd8 45. Rf1 Rd3 46. Rh1 Nd4 47. Rh3 $2 (47. Rh6+ $1 Kf7 48. Rh7+ Kg6 49.
Rd7 Nc2 50. Rxd3 cxd3 $15) 47... Kf6 $2 (47... Re3 $1 $19) 48. Kf2 $2 ({
Missing the reprieve. } 48. Rh6+ { etc. }) 48... Kg6 $19 49. Bc3 Re3 50.
Kg2 Re2+ 51. Kf1 Rc2 52. Ke1 0-1

[Event "Irish Championship 1999"]
[Site "Drogheda IRL"]
[Date "1999.04.06"]
[Round "4"]
[White "O'Connor, Jonathan"]
[Black "Cafolla, Peter"]
[Result "1/2-1/2"]
[WhiteElo "2120"]
[BlackElo "2098"]
[WhiteICU "2162"]
[BlackICU "2039"]
[WhiteClub "Dublin"]
[BlackClub "Rathmines"]
[WhiteNationality "IRL"]
[BlackNationality "IRL"]
[WhiteFideId "2501112"]
[BlackFideId "2500884"]
[PlyCount "52"]
[EventDate "1999.04.03"]

{ Reference: <a
href="https://www.irlchess.com/irlch1999_allfiles/pairings_irlch1999.html">Tournament
report</a>. }

1. e4 c5 2. c3 d5 3. exd5 Qxd5 4. d4 cxd4 5. cxd4 Nc6 6. Nf3 e5 7. Nc3 Bb4
8. Be2 Nxd4 9. O-O Bxc3 10. bxc3 Nxf3+ 11. Bxf3 Qxd1 12. Rxd1 Ne7 13. Rb1
Nc6 14. Bxc6+ bxc6 15. Ba3 f6 16. h3 Kf7 17. Rd6 Kg6 18. Bc5 Bf5 19. Rb7
Rhb8 20. Rxb8 Rxb8 21. Rxc6 Rb7 22. Ra6 Rc7 23. Bd6 Rxc3 24. Rxa7 Rd3 25.
Bb4 Rd7 26. Rxd7 Bxd7 1/2-1/2

[Event "Irish Championship 1999"]
[Site "Drogheda IRL"]
[Date "1999.04.06"]
[Round "4"]
[White "O'Rourke, Ray"]
[Black "Brady, Stephen"]
[Result "0-1"]
[BlackTitle "FM"]
[WhiteElo "2052"]
[BlackElo "2320"]
[WhiteICU "2001"]
[BlackICU "2263"]
[WhiteClub "Elm Mount"]
[BlackClub "Public Service"]
[WhiteNationality "IRL"]
[BlackNationality "IRL"]
[WhiteFideId "2501023"]
[BlackFideId "2500124"]
[PlyCount "112"]
[EventDate "1999.04.03"]

{ Reference: <a
href="https://www.irlchess.com/irlch1999_allfiles/pairings_irlch1999.html">Tournament
report</a>. }

1. c4 e5 2. Nc3 Bb4 3. Nf3 Bxc3 4. bxc3 d6 5. g3 Nc6 6. Bg2 Nge7 7. O-O O-O
8. d3 Rb8 9. a4 Qe8 10. e4 b6 11. Nh4 Bd7 12. g4 Nd8 13. f4 exf4 14. Bxf4
Ng6 15. Nf5 Nxf4 16. Rxf4 f6 17. Ra2 Qe5 18. Qd2 Nf7 19. d4 Qe6 20. Qd3
Rbe8 21. Ne3 Qe7 22. a5 Ra8 23. Rf1 Bc6 24. Nf5 Qe8 25. a6 Rd8 26. Raf2 Ng5
27. Ng3 Qg6 28. h4 Ne6 29. Nf5 Rde8 30. Qg3 Nd8 31. d5 Bd7 32. Rf4 Nf7 33.
Bh3 Bc8 34. g5 fxg5 35. hxg5 h6 36. Nd4 Bxh3 37. Qxh3 Nxg5 38. Rxf8+ Rxf8
39. Rxf8+ Kxf8 40. Qc8+ Kf7 41. Qxc7+ Kg8 42. Qc8+ Kh7 43. Kf1 Nxe4 44. Ne6
Qf6+ 45. Ke2 h5 46. Nf8+ Kh6 47. Qe6 Nc5 48. Qe3+ Qg5 49. Qe8 Qg2+ 50. Ke3
Qg3+ 51. Ke2 Qd3+ 52. Ke1 Qxc3+ 53. Kf2 Qd4+ 54. Kf3 Qg4+ 55. Kf2 Ne4+ 56.
Ke3 Qg3+ 0-1

[Event "Irish Championship 1999"]
[Site "Drogheda IRL"]
[Date "1999.04.07"]
[Round "5"]
[White "Cafolla, Peter"]
[Black "Daly, Colm"]
[Result "0-1"]
[BlackTitle "FM"]
[WhiteElo "2098"]
[BlackElo "2376"]
[WhiteICU "2039"]
[BlackICU "2344"]
[WhiteClub "Rathmines"]
[BlackClub "Swords"]
[WhiteNationality "IRL"]
[BlackNationality "IRL"]
[WhiteFideId "2500884"]
[BlackFideId "2500434"]
[PlyCount "73"]
[EventDate "1999.04.03"]

{ Reference: <a
href="https://www.irlchess.com/irlch1999_allfiles/pairings_irlch1999.html">Tournament
report</a>. }

1. d4 Nf6 2. c4 e6 3. Nc3 Bb4 4. f3 d5 5. a3 Bxc3+ 6. bxc3 c5 7. cxd5 Nxd5
8. Qd2 cxd4 9. cxd4 f5 10. Nh3 O-O 11. e3 Nc6 12. Bc4 b6 13. O-O Na5 14.
Ba2 Ba6 15. Re1 Bc4 16. e4 fxe4 17. Bxc4 Nxc4 18. Qc2 Nd6 19. fxe4 Rc8 20.
Qa2 Nc7 21. Bg5 Qd7 22. Rad1 Ncb5 23. Bd2 Nc4 24. Bb4 Rfe8 25. a4 Nxd4 26.
e5 Nxe5 27. Ng5 Rc2 28. Qb1 Qd5 29. Rd2 Nef3+ 30. Nxf3 Nxf3+ 31. gxf3 Rxd2
32. Bxd2 Qxd2 33. Qe4 Qd7 34. f4 Rf8 35. Qc4 Qd5 36. Qb4 Rf6 37. Re3 0-1

[Event "Irish Championship 1999"]
[Site "Drogheda IRL"]
[Date "1999.04.07"]
[Round "5"]
[White "McCarthy, Jim"]
[Black "Orr, Mark J. L."]
[Result "0-1"]
[BlackTitle "IM"]
[WhiteElo "2135"]
[BlackElo "2360"]
[WhiteICU "1885"]
[BlackICU "2288"]
[WhiteClub "St. Benildus"]
[BlackClub "Wandering Dragons SCO"]
[WhiteNationality "IRL"]
[BlackNationality "IRL"]
[WhiteFideId "2500930"]
[BlackFideId "2500035"]
[PlyCount "78"]
[EventDate "1999.04.03"]

{ Reference: <a
href="https://www.irlchess.com/irlch1999_allfiles/pairings_irlch1999.html">Tournament
report</a>. }

1. d4 Nf6 2. Nf3 e6 3. c4 c5 4. Nc3 cxd4 5. Nxd4 Nc6 6. a3 d5 7. cxd5 Nxd5
8. Nxc6 bxc6 9. e4 Nxc3 10. Qxd8+ Kxd8 11. bxc3 Bc5 12. Bc4 e5 13. Ke2 Rb8
14. Ra2 Ke7 15. Be3 Bxe3 16. Kxe3 Rd8 17. Ke2 Be6 18. Bxe6 Kxe6 19. Rd1
Rxd1 20. Kxd1 Rb1+ 21. Ke2 Kd6 22. Rd2+ Kc7 23. Ra2 Rh1 24. g3 Rxh2 25. Ra1
Rh6 26. Rb1 Rd6 27. Rb4 Rd7 28. a4 Rd8 29. Rb2 h5 30. Rb1 g6 31. Ke3 Rb8
32. Rc1 Rb2 33. f4 exf4+ 34. Kxf4 Ra2 35. Ke5 Rxa4 36. Re1 f5 37. exf5 Ra5+
38. Kf6 Rxf5+ 39. Kxg6 Rc5 0-1

[Event "Irish Championship 1999"]
[Site "Drogheda IRL"]
[Date "1999.04.07"]
[Round "5"]
[White "Nicholson, John"]
[Black "Fox, Anthony"]
[Result "1/2-1/2"]
[WhiteElo "2035"]
[BlackElo "2122"]
[WhiteICU "1935"]
[BlackICU "2065"]
[WhiteClub "Newtownards"]
[BlackClub "Dun Laoghaire"]
[WhiteNationality "IRL"]
[BlackNationality "IRL"]
[WhiteFideId "2501724"]
[BlackFideId "2500736"]
[PlyCount "100"]
[EventDate "1999.04.03"]

{ Reference: <a
href="https://www.irlchess.com/irlch1999_allfiles/pairings_irlch1999.html">Tournament
report</a>. }

1. e4 e5 2. Nf3 Nc6 3. Bb5 a6 4. Ba4 Nf6 5. d3 d6 6. c3 b5 7. Bc2 Be7 8.
O-O O-O 9. d4 Bg4 10. d5 Na5 11. h3 Bxf3 12. Qxf3 c6 13. Nd2 Qc7 14. Qd3 c5
15. f4 c4 16. Qf3 Nd7 17. Qg3 Bf6 18. Nf3 Kh8 19. fxe5 Bxe5 20. Qh4 f6 21.
Be3 Nb7 22. Nd4 Rf7 23. Rf5 g6 24. Rf3 Qc8 25. Raf1 Nbc5 26. Nc6 Qe8 27.
Nxe5 Nxe5 28. Rxf6 Ncd7 29. Rxf7 Nxf7 30. Qf2 Kg8 31. Bd4 Nfe5 32. Qg3 Qe7
33. Bd1 Rf8 34. Rxf8+ Kxf8 35. Bg4 Nxg4 36. Qxg4 Kf7 37. h4 h5 38. Qf4+ Ke8
39. Kf2 a5 40. b3 cxb3 41. axb3 a4 42. bxa4 bxa4 43. g3 a3 44. Qc1 Qxe4 45.
Qxa3 Qxd5 46. Qa6 Ke7 47. Qd3 Ne5 48. Qe3 Kd7 49. Bxe5 dxe5 50. c4 Qxc4
1/2-1/2